000 00746nam a2200265Ia 4500
003 OSt
005 20220928114418.0
006 a|||||r|||| 00| 0
007 ta
008 220927b |||||||| |||| 00| 0 eng d
020 _c335
024 _a99631
037 _b43, 28/09/2009, Better Book Service
_cTextual
040 _aSDCL
_cSDCL
_beng
041 _2eng
_aeng
082 _aX:54, P3
100 _aSharan Vyuptakesh
_9438359
245 0 _aInternational business. 2 Ed.
250 _a2
260 _aNew Delhi
_bPearson Education
_c2003
300 _aviii,554p
_ccm.
650 _aCommerce
_9353036
942 _hX:54, P3
_cTEXL
_2CC
999 _c754168
_d754168